Analýza tepelného krehnutia vysoko-chrómových ocelí pre pokročilé jadrové reaktory

Saved in:
Bibliographic Details
Main Author: Kubiritová, Alžbeta (Author)
Other Authors: Kršjak, Vladimír (Thesis advisor)
Format: Manuscript Book
Language:Slovak
Published: 2019
Subjects:
Online Access:http://is.stuba.sk/zp/portal_zp.pl?podrobnosti=152421
Tags: Add Tag
No Tags, Be the first to tag this record!

MARC

LEADER 00000ntm a22000003a 4500
001 stuzp72654
003 SK-STU
005 20190718130629.1
007 ta
008 150427s2015----xo-----f-mn---000-0-slo-d
040 |a STU  |b slo 
041 0 |a slo 
044 |a xo 
100 1 |a Kubiritová, Alžbeta  |u 036000  |4 aut  |U FEI Fakulta elektrotechniky a informatiky  |T FEI Ústav jadrového a fyzikálneho inžinierstva  |X 95478  |U E060  |Y 817  |7 95478 
242 0 1 |a Thermal embrittlement of high-chromium steels for advanced nuclear reactors  |y eng 
245 1 0 |a Analýza tepelného krehnutia vysoko-chrómových ocelí pre pokročilé jadrové reaktory 
260 |c 2019 
300 |a 30 s. 
650 4 |a vakancia  |2 slo 
650 4 |a anihilácia  |2 slo 
650 4 |a elektrón-pozitrónový pár  |2 slo 
650 4 |a precipitácia  |2 slo 
650 4 |a Dopplerovo rozšírenie anihilačnej čiary  |2 slo 
650 4 |a Doppler broadening of the annihilation line  |2 eng 
650 4 |a precipitation  |2 eng 
650 4 |a vacancy  |2 eng 
650 4 |a electron-positron pair  |2 eng 
650 4 |a annihilation  |2 eng 
700 1 |a Kršjak, Vladimír  |u 036000  |k Z8  |4 ths  |U FEI Fakulta elektrotechniky a informatiky  |T FEI Ústav jadrového a fyzikálneho inžinierstva  |X 1787  |U E060  |Y 817  |7 A000001787 
856 4 |u http://is.stuba.sk/zp/portal_zp.pl?podrobnosti=152421 
996 |b 284ER02854  |c E*Bc- 2854  |l EE36  |s P  |a 0  |w stuzp72654_0001